[Event "Aragon-chT Preferente Gr II"]
[Site "Aragon"]
[Date "2023.02.25"]
[Round "5.66"]
[White "Sanjulian Arruga, Pablo"]
[Black "Sanjuan Segura, Ignacio"]
[Result "1/2-1/2"]
[WhiteElo "1911"]
[BlackElo "1820"]
[PlyCount "81"]
[EventDate "2023.01.28"]
[EventType "team-tourn"]
[EventRounds "9"]
[EventCountry "ESP"]
[SourceTitle "EXT 2024"]
[Source "ChessBase"]
[SourceDate "2023.10.10"]
[SourceVersion "1"]
[SourceVersionDate "2023.10.10"]
[SourceQuality "1"]
[WhiteTeam "Casablanca MyInvestor III"]
[BlackTeam "Palacio de Pioneros III"]
[WhiteTeamCountry "ESP"]
[BlackTeamCountry "ESP"]

1. c4 e6 2. g3 Nf6 3. Bg2 d5 4. Nf3 Be7 5. 0-0 0-0 6. d4 dxc4 7. Qc2 a6 8. a4 Bd7 9. Ne5 Bc6 10. Nxc6 Nxc6 11. Bxc6 bxc6 12. Nd2 Qxd4 13. Nxc4 Qe4 14. Qxe4 Nxe4 15. f3 Nd6 16. Ne5 Bf6 17. Nxc6 a5 18. e4 Ra6 19. e5 Rxc6 20. exf6 gxf6 21. Bd2 Nc4 22. Rfc1 Rb8 23. Bc3 e5 24. Rab1 Rcb6 25. Be1 Nxb2 26. Bxa5 Nd3 27. Rxb6 cxb6 28. Rb1 Ra8 29. Bxb6 Rxa4 30. Bd8 Ra6 31. Rd1 Nc5 32. Be7 Nb3 33. Rd6 Rxd6 34. Bxd6 Kg7 35. Kf2 Nd4 36. g4 Kg6 37. Be7 f5 38. Bd6 f6 39. h3 Ne6 40. Ke3 f4+ 41. Kf2 1/2-1/2

[Event "Aragon-chT Honor Gr II"]
[Site "Aragon"]
[Date "2022.02.26"]
[Round "5.4"]
[White "Garcia Gonzalez, Omar"]
[Black "Sanjulian Arruga, Pablo"]
[Result "1-0"]
[WhiteElo "2057"]
[BlackElo "1888"]
[PlyCount "67"]
[EventDate "2022.01.29"]
[EventType "team-tourn"]
[EventRounds "7"]
[EventCountry "ESP"]
[SourceTitle "EXT 2024"]
[Source "ChessBase"]
[SourceDate "2023.10.10"]
[SourceVersion "1"]
[SourceVersionDate "2023.10.10"]
[SourceQuality "1"]
[WhiteTeam "Palacio de Pioneros"]
[BlackTeam "Casablanca MyInvestor"]
[WhiteTeamCountry "ESP"]
[BlackTeamCountry "ESP"]

1. e4 e5 2. d4 exd4 3. Qxd4 Nc6 4. Qe3 g6 5. Nc3 Bg7 6. Bd2 Nf6 7. 0-0-0 0-0 8. Bc4 Ne5 9. Bb3 d5 10. Nxd5 Nxd5 11. Bxd5 c6 12. Bb3 Ng4 13. Qf3 Qb6 14. Nh3 a5 15. a4 Be6 16. Bc3 Ne5 17. Qg3 Bxb3 18. cxb3 Qc7 19. f4 Nd7 20. Bxg7 Kxg7 21. Qc3+ Kg8 22. e5 Rfc8 23. Ng5 Nb6 24. Qh3 f5 25. g4 fxg4 26. Qxg4 Re8 27. h4 Rad8 28. h5 Rxd1+ 29. Rxd1 Nd5 30. hxg6 hxg6 31. Rh1 Qg7 32. Ne6 Rxe6 33. Qxe6+ Qf7 34. Rh8+ 1-0

[Event "Aragon-chT Honor Gr II"]
[Site "Aragon"]
[Date "2022.02.12"]
[Round "3.16"]
[White "San Lazaro Lorente, David"]
[Black "Sanjulian Arruga, Pablo"]
[Result "0-1"]
[WhiteElo "1786"]
[BlackElo "1888"]
[PlyCount "68"]
[EventDate "2022.01.29"]
[EventType "team-tourn"]
[EventRounds "7"]
[EventCountry "ESP"]
[SourceTitle "EXT 2024"]
[Source "ChessBase"]
[SourceDate "2023.10.10"]
[SourceVersion "1"]
[SourceVersionDate "2023.10.10"]
[SourceQuality "1"]
[WhiteTeam "Tauste"]
[BlackTeam "Casablanca MyInvestor"]
[WhiteTeamCountry "ESP"]
[BlackTeamCountry "ESP"]

1. Nf3 Nf6 2. c4 c5 3. g3 g6 4. Bg2 Bg7 5. 0-0 d6 6. d3 0-0 7. Nc3 Nc6 8. a3 h6 9. Bd2 Rb8 10. Qc1 Kh7 11. Nd5 Nd7 12. Bc3 e6 13. Bxg7 Kxg7 14. Nc3 f5 15. e4 Nde5 16. Nxe5 dxe5 17. exf5 exf5 18. Bd5 Nd4 19. Rb1 b5 20. b4 cxb4 21. axb4 f4 22. Qa3 Qd7 23. gxf4 Rxf4 24. f3 a6 25. Rb2 Qa7 26. c5 Bh3 27. Re1 Nxf3+ 28. Bxf3 Rxf3 29. Rf2 Rbf8 30. Rxf3 Rxf3 31. Ne4 Qf7 32. Qa1 Qf4 33. Qc1 Qg4+ 34. Ng3 Rxg3+ 0-1

[Event "Aragon-chT Preferente"]
[Site "Aragon"]
[Date "2021.03.27"]
[Round "3.35"]
[White "Caballero Ortin, Jorge"]
[Black "Sanjulian Arruga, Pablo"]
[Result "1/2-1/2"]
[WhiteElo "1677"]
[BlackElo "1902"]
[PlyCount "101"]
[EventDate "2021.03.13"]
[EventType "team-tourn"]
[EventRounds "9"]
[EventCountry "ESP"]
[SourceTitle "EXT 2024"]
[Source "ChessBase"]
[SourceDate "2023.10.10"]
[SourceVersion "1"]
[SourceVersionDate "2023.10.10"]
[SourceQuality "1"]
[WhiteTeam "Palacio de Pioneros III"]
[BlackTeam "Casablanca MyInvestor II"]
[WhiteTeamCountry "ESP"]
[BlackTeamCountry "ESP"]

1. e4 c5 2. Nf3 e6 3. g3 d6 4. Bg2 Nc6 5. 0-0 g6 6. c3 Bg7 7. Re1 Nge7 8. Na3 0-0 9. d4 cxd4 10. cxd4 d5 11. exd5 Nxd5 12. Ne5 Bd7 13. h4 h6 14. Nac4 Qc7 15. Bxd5 exd5 16. Nxd7 Qxd7 17. Ne5 Qf5 18. Nxc6 bxc6 19. Be3 Rfe8 20. Rc1 Rac8 21. Qc2 Qxc2 22. Rxc2 Bxd4 23. Rce2 Bxe3 24. Rxe3 Kf8 25. Kf1 Rxe3 26. Rxe3 c5 27. Ra3 Rc7 28. Ke2 Ke7 29. Kd2 Kd6 30. Ra6+ Ke5 31. Ra3 d4 32. f3 Kd5 33. Ra6 c4 34. h5 Rb7 35. Ra5+ Ke6 36. Kc1 gxh5 37. Rxh5 f5 38. Rxh6+ Ke5 39. Rc6 Kd5 40. Rf6 Ke5 41. Ra6 Kd5 42. Rf6 Ke5 43. Rc6 Rg7 44. Rxc4 Rxg3 45. Rc5+ Ke6 46. f4 Rf3 47. Kd2 Rxf4 48. Kd3 Rf2 49. Kxd4 Rxb2 50. Rc6+ Kd7 51. Ra6 1/2-1/2

[Event "Aragon-chT Honor Descenso"]
[Site "Aragon"]
[Date "2020.06.27"]
[Round "9.11"]
[White "Garreta Crespo, Blas"]
[Black "Sanjulian Arruga, Pablo"]
[Result "1/2-1/2"]
[WhiteElo "1758"]
[BlackElo "1961"]
[PlyCount "54"]
[EventDate "2020.06.27"]
[EventType "team-tourn"]
[EventRounds "10"]
[EventCountry "ESP"]
[SourceTitle "EXT 2024"]
[Source "ChessBase"]
[SourceDate "2023.10.10"]
[SourceVersion "1"]
[SourceVersionDate "2023.10.10"]
[SourceQuality "1"]
[WhiteTeam "Monzon"]
[BlackTeam "St Casablanca II"]
[WhiteTeamCountry "ESP"]
[BlackTeamCountry "ESP"]

1. f4 c5 2. Nf3 Nf6 3. e3 g6 4. b3 Bg7 5. Bb2 d6 6. Bb5+ Bd7 7. Qe2 Bxb5 8. Qxb5+ Qd7 9. Qxd7+ Nbxd7 10. 0-0 0-0 11. d3 Nd5 12. Bxg7 Kxg7 13. Re1 b5 14. Nbd2 a6 15. a3 Rfb8 16. g3 Nc7 17. e4 e5 18. fxe5 dxe5 19. a4 Ne6 20. Ra2 f6 21. axb5 axb5 22. Rea1 Rxa2 23. Rxa2 Rb7 24. Kf2 Kf7 25. Ra5 Nb8 26. c3 Nc6 27. Ra6 Nb8 1/2-1/2

[Event "Aragon-chT Honor Gr-I"]
[Site "Aragon"]
[Date "2020.02.08"]
[Round "3.27"]
[White "Gomez Salinas, Nestor"]
[Black "Sanjulian Arruga, Pablo"]
[Result "0-1"]
[WhiteElo "2029"]
[BlackElo "1961"]
[PlyCount "44"]
[EventDate "2020.01.25"]
[EventType "team-tourn"]
[EventRounds "7"]
[EventCountry "ESP"]
[SourceTitle "EXT 2022"]
[Source "ChessBase"]
[SourceDate "2021.10.06"]
[SourceVersion "1"]
[SourceVersionDate "2021.10.06"]
[SourceQuality "1"]
[WhiteTeam "Palacio de Pioneros II"]
[BlackTeam "St Casablanca II"]
[WhiteTeamCountry "ESP"]
[BlackTeamCountry "ESP"]

1. e4 e5 2. Nf3 Nc6 3. d4 exd4 4. Bc4 Nf6 5. 0-0 Nxe4 6. Re1 d5 7. Bxd5 Qxd5 8. Nc3 Qh5 9. Nxe4 Be6 10. Neg5 0-0-0 11. Nxe6 fxe6 12. Rxe6 Bd6 13. Bd2 Rhf8 14. h3 Qf5 15. Qe1 Kd7 16. Ng5 h6 17. g4 Qd5 18. Rg6 hxg5 19. Rxg7+ Rf7 20. Rxf7+ Qxf7 21. Bxg5 Rh8 22. Kg2 Qd5+ 0-1

[Event "Aragon-chT Preferente Gr-II"]
[Site "Aragon"]
[Date "2019.01.26"]
[Round "1.70"]
[White "Larrosa Poves, Jose Manuel"]
[Black "Sanjulian Arruga, Pablo"]
[Result "0-1"]
[WhiteElo "1912"]
[BlackElo "1850"]
[PlyCount "88"]
[EventDate "2019.01.26"]
[EventType "team-tourn"]
[EventRounds "9"]
[EventCountry "ESP"]
[SourceTitle "EXT 2020"]
[Source "ChessBase"]
[SourceDate "2019.10.17"]
[SourceVersion "1"]
[SourceVersionDate "2019.10.17"]
[SourceQuality "1"]
[WhiteTeam "Agrupacion III"]
[BlackTeam "St Casablanca II"]
[WhiteTeamCountry "ESP"]
[BlackTeamCountry "ESP"]

1. d4 d5 2. c4 e6 3. Nc3 c6 4. e4 dxe4 5. Nxe4 Bb4+ 6. Bd2 Bxd2+ 7. Qxd2 Nf6 8. Nxf6+ Qxf6 9. Nf3 Nd7 10. Bd3 0-0 11. 0-0 Rd8 12. b4 Nf8 13. Qe3 Bd7 14. a4 Qe7 15. b5 Be8 16. Rfd1 f6 17. d5 Kh8 18. dxc6 bxc6 19. Be4 Rxd1+ 20. Rxd1 Rc8 21. h3 cxb5 22. cxb5 Qc7 23. Qd4 Bg6 24. Bc6 Be8 25. Qd6 Bxc6 26. Qxc7 Rxc7 27. Rc1 e5 28. Rxc6 Rxc6 29. bxc6 Ne6 30. Kf1 Kg8 31. Ke2 Kf7 32. Kd3 Ke7 33. Kc4 Kd6 34. Kb5 Nc7+ 35. Ka5 Kxc6 36. Kb4 Nd5+ 37. Kc4 a5 38. Nd2 Nb6+ 39. Kb3 Kd5 40. f3 f5 41. Nb1 Kd4 42. Nd2 e4 43. fxe4 fxe4 44. h4 Kd3 0-1

[Event "Aragon-chT Honor Descenso"]
[Site "Aragon"]
[Date "2018.03.24"]
[Round "9.27"]
[White "Dominguez Bujeda, Jesus"]
[Black "Sanjulian Arruga, Pablo"]
[Result "1-0"]
[WhiteElo "2097"]
[BlackElo "1788"]
[PlyCount "53"]
[EventDate "2018.03.17"]
[EventType "team-tourn"]
[EventRounds "10"]
[EventCountry "ESP"]
[SourceTitle "EXT 2019"]
[Source "ChessBase"]
[SourceDate "2018.10.10"]
[SourceVersion "1"]
[SourceVersionDate "2018.10.10"]
[SourceQuality "1"]
[WhiteTeam "Teruel"]
[BlackTeam "St Casablanca II"]
[WhiteTeamCountry "ESP"]
[BlackTeamCountry "ESP"]

1. d4 d5 2. c4 e6 3. Nc3 c6 4. e4 dxe4 5. Nxe4 Nf6 6. Nxf6+ Qxf6 7. Nf3 Bb4+ 8. Bd2 Bxd2+ 9. Qxd2 0-0 10. Bd3 Nd7 11. 0-0 b6 12. Bc2 Bb7 13. Rfe1 Rfd8 14. Ng5 Nf8 15. Rad1 c5 16. Ne4 Qe7 17. d5 exd5 18. Nc3 Qd6 19. cxd5 a6 20. Qg5 Ng6 21. Ne4 Qe7 22. Qh5 Qh4 23. Qxh4 Nxh4 24. d6 f5 25. Bb3+ Kh8 26. Ng5 Rd7 27. Re7 1-0

[Event "Aragon-chT Preferente Gr II"]
[Site "Aragon"]
[Date "2018.02.17"]
[Round "4.56"]
[White "Sanjulian Arruga, Pablo"]
[Black "Perez Tomas, Juan Manuel"]
[Result "1/2-1/2"]
[WhiteElo "1788"]
[BlackElo "1679"]
[PlyCount "89"]
[EventDate "2018.01.27"]
[EventType "team-tourn"]
[EventRounds "9"]
[EventCountry "ESP"]
[SourceTitle "EXT 2019"]
[Source "ChessBase"]
[SourceDate "2018.10.10"]
[SourceVersion "1"]
[SourceVersionDate "2018.10.10"]
[SourceQuality "1"]
[WhiteTeam "St Casablanca III"]
[BlackTeam "Marcos Frechin II"]
[WhiteTeamCountry "ESP"]
[BlackTeamCountry "ESP"]

1. e4 c5 2. Nf3 Nc6 3. d4 cxd4 4. Nxd4 e5 5. Nb5 a6 6. Nd6+ Bxd6 7. Qxd6 Qf6 8. Qxf6 Nxf6 9. Bd3 d5 10. exd5 Nxd5 11. a3 f5 12. 0-0 Be6 13. c4 Nf6 14. Nc3 0-0-0 15. Be2 Nd4 16. Be3 Nc2 17. Rad1 Nxe3 18. fxe3 e4 19. Na4 Kc7 20. Nc5 Bc8 21. b4 Rxd1 22. Rxd1 Rd8 23. Rxd8 Kxd8 24. Kf2 h5 25. h4 Ng4+ 26. Bxg4 hxg4 27. g3 Ke7 28. Ke1 b6 29. Na4 b5 30. cxb5 axb5 31. Nc3 Bd7 32. Kd2 Kd6 33. Ne2 Ke5 34. Nd4 Kf6 35. Kc3 g5 36. hxg5+ Kxg5 37. Ne2 Kf6 38. Kd4 Ke6 39. Kc5 Ke5 40. Nf4 Be8 41. Nd5 Ke6 42. Nc7+ Ke7 43. Nxe8 Kxe8 44. Kd4 Kf7 45. Ke5 1/2-1/2